<?xml version="1.0" encoding="UTF-8"?><marc:collection xmlns:marc="http://www.loc.gov/MARC21/slim">
  <marc:record>
    <marc:leader>00000nam##2200000za#4500</marc:leader>
    <marc:controlfield tag="001">9.680622</marc:controlfield>
    <marc:controlfield tag="003">CaOODSP</marc:controlfield>
    <marc:controlfield tag="005">20210615132355</marc:controlfield>
    <marc:controlfield tag="007">ta</marc:controlfield>
    <marc:controlfield tag="008">150407|1998||||xxc|||||     f|0| 0 fre|d</marc:controlfield>
    <marc:datafield tag="020" ind1=" " ind2=" ">
      <marc:subfield code="a">0-662-83363-5</marc:subfield>
    </marc:datafield>
    <marc:datafield tag="040" ind1=" " ind2=" ">
      <marc:subfield code="a">CaOODSP</marc:subfield>
      <marc:subfield code="b">fre</marc:subfield>
    </marc:datafield>
    <marc:datafield tag="043" ind1=" " ind2=" ">
      <marc:subfield code="a">n-cn---</marc:subfield>
    </marc:datafield>
    <marc:datafield tag="086" ind1="1" ind2=" ">
      <marc:subfield code="a">H49-119/1998-1F</marc:subfield>
    </marc:datafield>
    <marc:datafield tag="110" ind1="1" ind2=" ">
      <marc:subfield code="a">Canada.</marc:subfield>
      <marc:subfield code="b">Santé Canada.</marc:subfield>
      <marc:subfield code="b">Laboratoire de lutte contre la maladie.</marc:subfield>
    </marc:datafield>
    <marc:datafield tag="245" ind1="1" ind2="0">
      <marc:subfield code="a">L'essentiel des lignes directrices canadiennes pour les MTS, édition de 1998 / </marc:subfield>
      <marc:subfield code="c">Préparé par le Groupe d'experts des Lignes directrices canadiennes pour les maladies transmises. Publié par la Division de la prévention et de contrôle des MTS, Bureau du VIH/sida, des MTS et de la Tuberculose. </marc:subfield>
    </marc:datafield>
    <marc:datafield tag="260" ind1=" " ind2=" ">
      <marc:subfield code="a">Ottawa - Ontario : </marc:subfield>
      <marc:subfield code="b">Santé Canada. </marc:subfield>
      <marc:subfield code="c">1998.</marc:subfield>
    </marc:datafield>
    <marc:datafield tag="300" ind1=" " ind2=" ">
      <marc:subfield code="a">17p. : </marc:subfield>
      <marc:subfield code="b">figures, tableaux ; </marc:subfield>
      <marc:subfield code="c">21 cm.</marc:subfield>
    </marc:datafield>
    <marc:datafield tag="500" ind1=" " ind2=" ">
      <marc:subfield code="a">«L'essentiel des lignes directrices canadiennes pour les MTS ont été écrits à l'intention des intervenants de première ligne, en particulier les médecins et les infirmières. Ils ont pour objet d'aider à la prévention et au traitement adéquat des maladies transmises sexuellement (MTS) au Canada.»--Page 1. Données de catalogage avant publication (Canada) imprimées dans cette publication.</marc:subfield>
    </marc:datafield>
    <marc:datafield tag="520" ind1="3" ind2=" ">
      <marc:subfield code="a">Ces lignes directrices, qui reflètent les changements survenus dans la pratique depuis 1995, visent à aider les dispensateurs de soins primaires, en particulier les médecins et les infirmières, à prévenir, à prendre en charge et à traiter les maladies transmises sexuellement au Canada. Fondées sur un examen de la littérature et sur l’expérience clinique, elles ont été revues et approuvées par diverses associations médicales. Le mode de présentation vise à faciliter l’accès à l’information, et les zones ombragées en bleu indiquent les questions cliniques qui devraient faire l’objet d’une consultation auprès de spécialistes.</marc:subfield>
    </marc:datafield>
    <marc:datafield tag="563" ind1=" " ind2=" ">
      <marc:subfield code="a">Couverture souple</marc:subfield>
    </marc:datafield>
    <marc:datafield tag="590" ind1=" " ind2=" ">
      <marc:subfield code="a">99-10</marc:subfield>
      <marc:subfield code="b">1999-03-12</marc:subfield>
    </marc:datafield>
    <marc:datafield tag="691" ind1="0" ind2="7">
      <marc:subfield code="a">Maladie transmise sexuellement</marc:subfield>
      <marc:subfield code="2">gcpds</marc:subfield>
    </marc:datafield>
    <marc:datafield tag="775" ind1="0" ind2="8">
      <marc:subfield code="t">Highlights: 1998 edition of the Canadians STD guidelines / </marc:subfield>
      <marc:subfield code="w">(CaOODSP)9.647198</marc:subfield>
    </marc:datafield>
    <marc:datafield tag="776" ind1="0" ind2="#">
      <marc:subfield code="t">L'essentiel des Lignes directrices canadiennes pour les MTS, édition 1998 / </marc:subfield>
      <marc:subfield code="w">(CaOODSP)9.639551</marc:subfield>
    </marc:datafield>
  </marc:record>
</marc:collection>
